El marco conceptual, soporte de las normas internacionales de contabilidad (Registro nro. 10484)
[ vista simple ]
| 000 -LEADER | |
|---|---|
| fixed length control field | 00367 a2200109 4500 |
| 001 - CONTROL NUMBER | |
| control field | ART_56375 |
| 005 - DATE AND TIME OF LATEST TRANSACTION | |
| control field | 20260410161609.0 |
| 008 - FIXED-LENGTH DATA ELEMENTS--GENERAL INFORMATION | |
| fixed length control field | 260409a |
| 100 1# - MAIN ENTRY--PERSONAL NAME | |
| Personal name | Tua Pereda, Jorge |
| 245 10 - TITLE STATEMENT | |
| Title | El marco conceptual, soporte de las normas internacionales de contabilidad |
| 773 0# - HOST ITEM ENTRY | |
| Title | Profesional & Empresaria |
| Related parts | - Año XXIII, Nº 273 (jun. 2022) |
| Record control number | REV70 |
No hay ítems disponibles.